• 首页
  • 本馆介绍
  • 公告通知
  • 最新文献
  • 馆藏检索
  • 电子资源
  • 读者导购
  • 参考咨询
  • 我的图书馆
  • 登录
  • 详细信息显示
  • 放入我的书架
  • 预约/预借图书
  • 作者相关作品
  • 分类相关作品
  • 丛书相关作品
  • 出版社相关作品

书目信息

  • 表格格式
  • 工作单格式
  • 卡片格式
题名:
轻身腾跃功
    
 
作者: 范克平 , 范冠华 译著
分册:  
出版信息: 呼和浩特   内蒙古人民出版社  2008
页数: 294页
开本: 24cm
丛书名:
单 册:
中图分类: G852.6
科图分类:
主题词: 武术--气功--中国 , 武术 , 气功
电子资源:
ISBN: 978-7-204-00956-5
000 00907nam0 2200289 45
001 1130693452
005 20110310095539.46
010    @a978-7-204-00956-5@dCNY36.00
100    @a20110123d2008 em y0chiy50 ea
101 0  @achi
102    @aCN@b150000
105    @aa z 000yy
106    @ar
200 1  @a轻身腾跃功@AQing Shen Teng Yue Gong@f范克平,范冠华译著@FFan Ke Ping, Fan Guan Hua Yi Zhu
205    @a2版
210    @a呼和浩特@c内蒙古人民出版社@d2008
215    @a294页@d24cm
300    @a图说武当嫡派功夫真传 功家秘法宝藏卷三轻盈功夫
330    @a本书依据明代孤本的插图临摹绘制完成,所介绍的轻身腾跃功夫分为初级、中级、高级三部分。
606 0  @a武术@x气功@y中国
606 0  @a武术
606 0  @a气功
690    @aG852.6@v4
701  0 @a范克平@AFan Ke Ping@4译著
701  0 @a范冠华@AFan Guan Hua@4译著
801  0 @aCN@bTANGWEI@c20110310
905    @b0531338-41@dG852.6@e234=2@f4
    
    轻身腾跃功/范克平,范冠华译著.-2版.-呼和浩特:内蒙古人民出版社,2008
    294页;24cm
    图说武当嫡派功夫真传 功家秘法宝藏卷三轻盈功夫
    
    ISBN 978-7-204-00956-5:CNY36.00
    本书依据明代孤本的插图临摹绘制完成,所介绍的轻身腾跃功夫分为初级、中级、高级三部分。
●
相关链接 在E读中查询图书 在五车中查询图书 在当当中查询图书 在豆瓣中查询图书


正题名:轻身腾跃功     索取号:G852.6/234=2         预约/预借

序号 登录号 条形码 馆藏地/架位号 状态 备注
1 0531338   205313383   第一样本阅览室/ [索取号:G852.6/234=2] 在馆    
2 0531339   205313392   第四借阅区/ [索取号:G852.6/234=2] 在馆    
3 0531340   205313409   第四借阅区/ [索取号:G852.6/234=2] 在馆    
4 0531341   205313418   密集书库-体育系/ [索取号:G852.6/234=2] 在馆    
唐山师范学院图书馆 欢迎您!
大连网信软件有限公司© 版权所有